La dama boba

Guardat en:
Dades bibliogràfiques
Autor principal: Vega, Lope de (Autor)
Format: Llibre
Idioma:espanyol
Publicat: Zaragoza Ebro 1977
Edició:7a. ed
Col·lecció:Biblioteca Clásica Ebro. Clásicos Españoles, 61
Matèries:
Etiquetes: Afegir etiqueta
Sense etiquetes, Sigues el primer a etiquetar aquest registre!

MARC

LEADER 00000nam a2200000 a 4500
001 UCQ6119
003 CL-VaPUC
008 981009e19770000SP |||||||||||||||||spa|d
082 0 4 |a 862  |b VEG  |2 21 
100 0 |a Vega, Lope de  |e author  |9 319628 
245 1 3 |a La dama boba 
250 |a 7a. ed 
300 |a 142 p 
942 |c BK 
945 |d 19981009 00:00:00  |a crobeson 
260 |a Zaragoza  |b Ebro  |c 1977 
650 0 |a Dramas españoles  |9 267081 
650 0 |a Literatura española  |9 306261 
583 |a last modification  |c 19981009 00:00:00  |k Rodrigo Vera 
490 0 |a Biblioteca Clásica Ebro. Clásicos Españoles, 61 
999 |c 276121  |d 276119 
952 |0 0  |1 0  |4 0  |6 862_000000000000000_VEG_1977  |7 0  |8 A  |9 313253  |a BIBEDU  |b BIBEDU  |d 2019-11-20  |i 1476041  |o 862 VEG 1977  |p 1476041  |r 2019-11-20  |w 2019-11-20  |y BK  |k LIT